Southville International School and Colleges
Your cart is empty.
  • Cart
  • Lists
    Public lists Eva Luna New books Lux_list list_1
    Your lists Log in to create your own lists
  • Log in to your account
  • Your cookies
  • Search history
Southville International School and Colleges
  • Advanced search
  • Recent comments
  • Most popular
  • Libraries

Log in to your account

Log in with GOOGLE


If you do not have an external account, but do have a local account, you can still log in:

  1. Home
  2. MARC view: The fundamentals of taxation
Normal view MARC view ISBD view

The fundamentals of taxation (Record no. 17032)

[ view plain ]
MARC details
000 -LEADER
fixed length control field 01074cam a22003494a 4500
001 - CONTROL NUMBER
control field 15966687
003 - CONTROL NUMBER IDENTIFIER
control field OSt
005 - DATE AND TIME OF LATEST TRANSACTION
control field 20140310182856.0
008 - FIXED-LENGTH DATA ELEMENTS--GENERAL INFORMATION
fixed length control field 091029s2009 ph 001 0 eng
010 ## - LIBRARY OF CONGRESS CONTROL NUMBER
LC control number 2009516471
020 ## - INTERNATIONAL STANDARD BOOK NUMBER
International Standard Book Number 9789712352829
040 ## - CATALOGING SOURCE
Original cataloging agency DLC
Transcribing agency DLC
042 ## - AUTHENTICATION CODE
Authentication code lcode
043 ## - GEOGRAPHIC AREA CODE
Geographic area code a-ph---
050 00 - LIBRARY OF CONGRESS CALL NUMBER
Classification number KPM 2790
Item number .D4 2009
082 ## - DEWEY DECIMAL CLASSIFICATION NUMBER
-- FIL 336.2012
Item number .D4 2009
100 1# - MAIN ENTRY--PERSONAL NAME
Personal name De Leon, Hector M.
245 14 - TITLE STATEMENT
Title The fundamentals of taxation
Statement of responsibility, etc De Leon, Hector S., De Leon, Hector M., Jr.
260 ## - PUBLICATION, DISTRIBUTION, ETC. (IMPRINT)
Place of publication, distribution, etc Manila, Philippines
Name of publisher, distributor, etc Published & distributed by Rex Book Store
Date of publication, distribution, etc 2009
300 ## - PHYSICAL DESCRIPTION
Extent xxvii, 437 p.
Dimensions 23 cm.
500 ## - GENERAL NOTE
General note Includes index.
521 ## - TARGET AUDIENCE NOTE
Target audience note
526 ## - STUDY PROGRAM INFORMATION NOTE
Reading level 1210L to 1700L
541 ## - IMMEDIATE SOURCE OF ACQUISITION NOTE
-- 1
562 ## - COPY AND VERSION IDENTIFICATION NOTE
Number of copies For Circulation. 1 Copy Available in the Collection
650 #0 - SUBJECT ADDED ENTRY--TOPICAL TERM
Topical term or geographic name as entry element Taxation
General subdivision Law and legislation
Geographic subdivision Philippines.
650 #0 - SUBJECT ADDED ENTRY--TOPICAL TERM
Topical term or geographic name as entry element Taxation
Geographic subdivision Philippines.
700 1# - ADDED ENTRY--PERSONAL NAME
Personal name De Leon, Hector M.
906 ## - LOCAL DATA ELEMENT F, LDF (RLIN)
a 7
b cbc
c origode
d 2
e ncip
f 20
g y-gencatlg
942 ## - ADDED ENTRY ELEMENTS (KOHA)
Source of classification or shelving scheme Library of Congress Classification
Koha item type Books
Call number prefix Filipininana
Holdings
Withdrawn status Lost status Source of classification or shelving scheme Damaged status Home library Current library Shelving location Date acquired Total Checkouts Full call number Barcode Date last seen Copy number Price effective from Koha item type
    Library of Congress Classification   College Library College Library Filipiniana Section 06/05/2012   KPM 2790 .D4 2009 c16626 05/08/2018 1 06/05/2012 Books

The fundamentals of taxation

APA

De Leon H. M., De Leon H. M., . (2009). The fundamentals of taxation. Manila, Philippines: Published & distributed by Rex Book Store.

Chicago

De Leon Hector M, De Leon Hector M, . 2009. The fundamentals of taxation. Manila, Philippines: Published & distributed by Rex Book Store.

Harvard

De Leon H. M., De Leon H. M., . (2009). The fundamentals of taxation. Manila, Philippines: Published & distributed by Rex Book Store.

MLA

De Leon Hector M, De Leon Hector M, . The fundamentals of taxation. Manila, Philippines: Published & distributed by Rex Book Store. 2009.

  • Place hold
  • Print
  • Cite
  • Add to your cart (remove)
  • Save record
    BIBTEX Dublin Core MARCXML MARC (non-Unicode/MARC-8) MARC (Unicode/UTF-8) MARC (Unicode/UTF-8, Standard) MODS (XML) RIS
  • More searches
    Search for this title in:
    Other Libraries (WorldCat) Other Databases (Google Scholar) Online Stores (Bookfinder.com) Open Library (openlibrary.org)

Exporting to Dublin Core...

SOUTHVILLE LIBRARY

Southville International School and Colleges Library

1281 Tropical Ave. Cor. Luxembourg St., BF Homes International, Las Pinas City

Tel. No. 8256374 / 252358 Loc. 117/146

Powered by Koha